Los efectos del trabajo con personas mayores dependientes institucionalizadas

Detalles Bibliográficos
Autor principal: Nieto Morales, Concepcin̤
Formato: eBook
Lenguaje:español
Publicado: Madrid: Dykinson, 2014
Materias:
Acceso en línea:Acceso restringido

MARC

LEADER 00000nam a22000007a 4500
005 20140508013513.0
007 cr|||| ||||
008 140508s2014 es |||||s|||| 00||0 spa d
020 |a 978-84-9031-666-5 
035 |a 12126 
040 |a vLex 
090 |c 4920  |d 4920 
100 1 |a Nieto Morales, Concepcin̤ 
245 1 4 |a Los efectos del trabajo con personas mayores dependientes institucionalizadas  |h [Recurso electrn̤ico] /  |c Concepcin̤ Nieto Morales 
256 |a Servicio en ln̕ea 
260 |a Madrid:  |b Dykinson,  |c 2014 
300 |a 1 recurso electrn̤ico 
500 |a Este trabajo presenta un estudio, sobre Los efectos del trabajo con personas mayores institucionalizadas. La experiencia laboral durante algo ms̀ de 15 aǫs en una residencia pb︢lica asistida de la Comunidad Autn̤oma de Andaluca̕. Secuelas producidas por el trabajo. 
506 1 |a Disponible solo en los productos indicados  |d vLex Global  |d vLex Global (Academic Edition, excluding Law Schools)  |d vLex Global (U.S. Academic Edition, Law Schools)  |d vLex Global (U.S. Academic Edition, excluding Law Schools)  |d vLex Global (Academic Edition, Law Schools) 
650 0 4 |a Derecho Laboral y Seguridad Social  |z Espaą 
740 0 |a vLex Libros (Servicio en ln̕ea) 
856 4 0 |u http://vlex.com/source/efectos-del-trabajo-con-personas-mayores-dependientes-institucionalizadas-12126  |z Acceso restringido 
942 |c BOOK 
999 0 |a Labor Law and Social Security